| 000 | 00349nam a22001457a 4500 | ||
|---|---|---|---|
| 020 | _qPB. | ||
| 040 | _cFIZZA ISHAQ | ||
| 082 |
_a624.15 _bBRA |
||
| 100 |
_aDAS, M. BRAJA. _986511 |
||
| 245 |
_aPRINCIPLES OF FOUNDATION ENGINEERING / _cBRAJA M. DAS. |
||
| 250 | _a8tH ED. | ||
| 260 |
_aNEW DEHLI : _c2016. |
||
| 300 | _a919 P, ; | ||
| 942 |
_2ddc _cBK |
||
| 999 |
_c587358 _d587358 |
||